000 00340nam a2200109Ia 4500
008 230907s9999||||xx |||||||||||||| ||und||
082 _a616.241
_bASH
245 0 _aAshrae standard 188-2018 :
260 _aAmerican Society of Heating, Refrigerating and Air-Conditioning Engineers (ASHRAE),
_bAtlanta :
_c2018
300 _a18 p.
942 _cBK
999 _c599484
_d599484